00382nam a2200145Ia 4500008004100000041000800041082001300049100001600062245006200078260002500140300002700165365001600192500001200208700001600220230718s9999 xx 000 0 und d aeng a780bNAD aNadkarni M. aGreat Masters Profiles In Hindustan Classical Vocal Music c1999bHarper And Rao a482dRef 127 G (13897) cRs.b500.00 a127 GEN aNadkarni M.